00000000nas 2200000za 4500
0019.840809
003CaOODSP
00520231115114131
007cr |||||||||||
008170801c20179999mbcar pso    f0   b0fre| 
022 |a2560-9963
040 |aCaOODSP|bfre
043 |an-cn---
0861 |aA91-8F-PDF
1102 |aCommission canadienne des grains.
222 0|aRapport sur les résultats ministériels |b(Commission canadienne des grains)
24510|aRapport sur les résultats ministériels |h[ressource électronique] / |cCommission canadienne des grains.
260 |a[Winnipeg] : |bCommission canadienne des grains, |cc2017-
310 |aAnnuel
3621 |aParaît depuis 2016/2017.
500 |aPubl. aussi en anglais sous le titre : Departmental results report.
69207|2gccst|aÉvaluation du rendement
69207|2gccst|aGrain
77508|tDepartmental results report |w(CaOODSP)9.840807
78000|tRapport ministériel sur le rendement |w(CaOODSP)9.502900